000 00589nam a22002057a 4500
003 OSt
005 20160721141336.0
008 160721b xxu||||| |||| 00| 0 eng d
020 _a0723432279
040 _cDNLM.
082 _aWC17A65s 2003.
100 _aEdited by Morse A.Stephen;[et....al.]
_910338
245 _aAtlas of sexuaslly transmitted diseases and Aids.
250 _a3rd ed
260 _aEdinburgh.
_bMosby.
_c2003.
300 _a408p;
_bcol,ill;
_c28cm.
504 _aincludes references and index.
650 _aSexually transmited disease
_910339
942 _2z
_cO_SHELF
999 _c4817
_d4817